Loading...
Texture, mineralogy and provenance of the beach sands of South Kerala
| Main Author: | |
|---|---|
| Format: | Ph.D Thesis |
| Language: | English |
| Published: |
Cochin
School of Marine Science, CUSAT
1987
|
| LEADER | 00479nam a22001337a 4500 | ||
|---|---|---|---|
| 005 | 20151028162346.0 | ||
| 008 | 091120t xxu||||| |||| 00| 0 eng d | ||
| 082 | |a T48 | ||
| 100 | |a Unnikrishnan, V.P. |9 13908 | ||
| 245 | |a Texture, mineralogy and provenance of the beach sands of South Kerala | ||
| 942 | |c BK |6 _ | ||
| 260 | |a Cochin |b School of Marine Science, CUSAT |c 1987 | ||
| 999 | |c 80640 |d 80640 | ||
| 952 | |0 0 |1 0 |2 ddc |4 0 |6 T48_ |7 0 |9 93995 |a SOS |b SOS |d 2009-11-20 |o T48 |p MS00T048 |r 2009-11-20 |w 2009-11-20 |y TH | ||